The lion and the jewel (Record no. 80534)
[ view plain ]
| 000 -LEADER | |
|---|---|
| fixed length control field | 01268nam a2200217 a 4500 |
| 008 - FIXED-LENGTH DATA ELEMENTS--GENERAL INFORMATION | |
| fixed length control field | 090807s1963 ||||||||||||||||| || u |
| 020 ## - INTERNATIONAL STANDARD BOOK NUMBER | |
| International Standard Book Number | 0194185036 |
| 050 ## - LIBRARY OF CONGRESS CALL NUMBER | |
| Classification number | ST-LIBRARY |
| 100 ## - MAIN ENTRY--PERSONAL NAME | |
| Personal name | Soyinka, Wole |
| 245 14 - TITLE STATEMENT | |
| Title | The lion and the jewel |
| Statement of responsibility, etc. | By Wole Soyinka |
| 260 ## - PUBLICATION, DISTRIBUTION, ETC. | |
| Place of publication, distribution, etc. | London: |
| Name of publisher, distributor, etc. | Oxford University Press |
| Date of publication, distribution, etc. | 1963 |
| 350 ## - | |
| -- | 0.00 |
| 500 ## - GENERAL NOTE | |
| General note | 10 copies in the Computer Science Department |
| 650 ## - SUBJECT ADDED ENTRY--TOPICAL TERM | |
| Topical term or geographic name entry element | LITERATURE |
| 650 ## - SUBJECT ADDED ENTRY--TOPICAL TERM | |
| Topical term or geographic name entry element | ENGLISH LANGUAGE |
| 995 ## - | |
| -- | TEXTBOOKS (COMP.SCIENCE) |
| -- | 0.00 |
| -- | 3327 |
| -- | CBU-SCHOOL TEXTBOOK COLLECTIONS |
| -- | 1 |
| -- | 0.00 |
| -- | SCHOOL TEXTBOOK |
| -- | 5 |
| -- | AVAILABLE |
| -- | Aug 7, 2009 |
| -- | 3327 |
| -- | Fiction Collection |
| 995 ## - | |
| -- | TEXTBOOKS (COMP.SCIENCE) |
| -- | 0.00 |
| -- | 3326 |
| -- | CBU-SCHOOL TEXTBOOK COLLECTIONS |
| -- | 1 |
| -- | 0.00 |
| -- | SCHOOL TEXTBOOK |
| -- | 4 |
| -- | AVAILABLE |
| -- | Aug 7, 2009 |
| -- | 3326 |
| -- | Fiction Collection |
| 995 ## - | |
| -- | TEXTBOOKS (COMP.SCIENCE) |
| -- | 0.00 |
| -- | 3323 |
| -- | CBU-MAIN LIBRARY (Kitwe) |
| -- | 1 |
| -- | 0.00 |
| -- | SCHOOL TEXTBOOK |
| -- | 1 |
| -- | AVAILABLE |
| -- | Aug 7, 2009 |
| -- | 3323 |
| -- | School Collections |
| 995 ## - | |
| -- | TEXTBOOKS (COMP.SCIENCE) |
| -- | 0.00 |
| -- | 3324 |
| -- | CBU-SCHOOL TEXTBOOK COLLECTIONS |
| -- | 1 |
| -- | 0.00 |
| -- | SCHOOL TEXTBOOK |
| -- | 2 |
| -- | AVAILABLE |
| -- | Aug 7, 2009 |
| -- | 3324 |
| -- | Fiction Collection |
| 995 ## - | |
| -- | TEXTBOOKS (COMP.SCIENCE) |
| -- | 0.00 |
| -- | 3325 |
| -- | CBU-SCHOOL TEXTBOOK COLLECTIONS |
| -- | 1 |
| -- | 0.00 |
| -- | SCHOOL TEXTBOOK |
| -- | 3 |
| -- | AVAILABLE |
| -- | Aug 7, 2009 |
| -- | 3325 |
| -- | Fiction Collection |
| 999 ## - | |
| -- | 80534 |
| -- | 80534 |
| Withdrawn status | Lost status | Source of classification or shelving scheme | Damaged status | Not for loan | Permanent Location | Current Location | Shelving location | Date acquired | Total Checkouts | Full call number | Barcode | Date last seen | Copy number | Price effective from | Koha item type |
|---|---|---|---|---|---|---|---|---|---|---|---|---|---|---|---|
| CBU-SCHOOL TEXT BOOK COLLECTION | CBU-SCHOOL TEXT BOOK COLLECTION | 06/30/2023 | SCHOOL TEXTBOOK | 3327 | 06/30/2023 | 1 | 06/30/2023 | FICTON COLLECTON | |||||||
| CBU-SCHOOL TEXT BOOK COLLECTION | CBU-SCHOOL TEXT BOOK COLLECTION | 06/30/2023 | SCHOOL TEXTBOOK | 3326 | 06/30/2023 | 2 | 06/30/2023 | FICTON COLLECTON | |||||||
| CBU-SCHOOL TEXT BOOK COLLECTION | CBU-SCHOOL TEXT BOOK COLLECTION | 06/30/2023 | SCHOOL TEXTBOOK | 3323 | 06/30/2023 | 3 | 06/30/2023 | FICTON COLLECTON | |||||||
| CBU-SCHOOL TEXT BOOK COLLECTION | CBU-SCHOOL TEXT BOOK COLLECTION | 06/30/2023 | SCHOOL TEXTBOOK | 3324 | 06/30/2023 | 4 | 06/30/2023 | FICTON COLLECTON | |||||||
| CBU-SCHOOL TEXT BOOK COLLECTION | CBU-SCHOOL TEXT BOOK COLLECTION | 06/30/2023 | SCHOOL TEXTBOOK | 3325 | 06/30/2023 | 5 | 06/30/2023 | FICTON COLLECTON |